=LDR 00000nam 2200000 4500 =001 INLIS000000000002255 =005 20130612090616 =008 ***********************************Ind** =035 ##$$0010-061300000002255 =041 ##$$a Ind =082 ##$$a 899.219 9 =090 ##$$a 899.219 9, Set s =100 ##$$a Setiawan =245 ##$$a Sastra Indonesia di Madura, tinjauan pengarang, hasil karya dan media, Setiawan =260 ##$$a 1998 $b Jakarta =300 ##$$a ix, 189 hlm, 21 cm =650 ##$$a Kesusastraan Indonesia-Syair dan kritik =850 ##$$a NBPNMAT